MARC details
| 000 -CABECERA |
| campo de control de longitud fija |
01088cam a2200253 a 4500 |
| 001 - NÚMERO DE CONTROL |
| campo de control |
000010563 |
| 005 - FECHA Y HORA DE LA ÚLTIMA TRANSACCIÓN |
| campo de control |
20200929162241.0 |
| 008 - DATOS DE LONGITUD FIJA--INFORMACIÓN GENERAL |
| campo de control de longitud fija |
951017s1970 pr 000 0 spa d |
| 040 ## - FUENTE DE LA CATALOGACIÓN |
| Centro catalogador/agencia de origen |
DO-SdBNP |
| Lengua de catalogación |
spa |
| Centro/agencia transcriptor |
BNPHU |
| 082 ## - NÚMERO DE LA CLASIFICACIÓN DECIMAL DEWEY |
| Número de clasificación |
868.99235 |
| Número de documento/Ítem |
P371ó |
| 049 ## - FONDOS LOCALES (OCLC) |
| Fondos de biblioteca |
BNGR |
| 100 1# - ENTRADA PRINCIPAL--NOMBRE DE PERSONA |
| Nombre de persona |
Pedreira, Antonio Salvador, |
| Fechas asociadas al nombre |
1899-1939. |
| 9 (RLIN) |
13569 |
| 245 10 - MENCIÓN DE TÍTULO |
| Título |
Obras de Antonio S. Pedreira / |
| Mención de responsabilidad, etc. |
Antonio S. Pedreira ; prólogo de Concha Meléndez. |
| 260 ## - PUBLICACIÓN, DISTRIBUCIÓN, ETC. |
| Lugar de publicación, distribución, etc. |
San Juan, (Puerto Rico) : |
| Nombre del editor, distribuidor, etc. |
Instituto de Cultura Puertorriqueña, |
| Fecha de publicación, distribución, etc. |
1970. |
| 300 ## - DESCRIPCIÓN FÍSICA |
| Extensión |
2 v. ; |
| Dimensiones |
21 cm. |
| 504 ## - NOTA DE BIBLIOGRAFÍA, ETC. |
| Nota de bibliografía, etc. |
Incluye referencias bibliográficas al pie de las páginas. |
| 505 0# - NOTA DE CONTENIDO CON FORMATO |
| Información miscelánea |
v.1. |
| Título |
Insularismo. -- |
| -- |
El año terrible del 87. -- |
| -- |
Aristas. -- |
| -- |
Aclaraciones y críticas. -- |
| -- |
Tres ensayos. |
| Información miscelánea |
v.2. |
| Título |
El periodismo en Puerto Rico. -- |
| -- |
Hostos, ciudades de América. |
| 650 #4 - PUNTO DE ACCESO ADICIONAL DE MATERIA--TÉRMINO DE MATERIA |
| Término de materia o nombre geográfico como elemento de entrada |
Literatura puertorriqueña |
| 9 (RLIN) |
250 |
| 650 #4 - PUNTO DE ACCESO ADICIONAL DE MATERIA--TÉRMINO DE MATERIA |
| Término de materia o nombre geográfico como elemento de entrada |
Ensayos puertorriqueños |
| 9 (RLIN) |
8892 |
| 600 14 - PUNTO DE ACCESO ADICIONAL DE MATERIA--NOMBRE DE PERSONA |
| Nombre de persona |
PEDREIRA, ANTONIO SALVADOR, |
| Fechas asociadas al nombre |
1899-1939 |
| 9 (RLIN) |
13569 |
| 700 1# - PUNTO DE ACCESO ADICIONAL--NOMBRE DE PERSONA |
| Nombre de persona |
Meléndez, Concha, |
| Fechas asociadas al nombre |
1895-1983, |
| Término indicativo de función/relación |
pról. |
| 9 (RLIN) |
25629 |
| 910 ## - DATOS DE OPCIÓN DEL USUARIO (OCLC) |
| Datos de opción del usuario |
Catalogación por copia / LC |
| 910 ## - DATOS DE OPCIÓN DEL USUARIO (OCLC) |
| Datos de opción del usuario |
WM |